Häufigste Substantive in der deutschen Schriftsprache - Statistiken

Allgemein
  • Dieses Quiz wurde 3.482 mal gespielt
    3.272 seit der letzten Aktualisierung
  • Das Durchschnittsergebnis liegt bei 5 aus 20
Antwortstatistiken
Rang Substantiv % Korrekt
11. Frau
64%
14. Mann
63%
10. Kind
54%
5. Mensch
48%
9. Land
42%
6. Tag
40%
13. Stadt
38%
7. Zeit
33%
8. Deutschland
28%
1. Jahr
27%
2. Uhr
20%
3. Euro
17%
16. Woche
17%
18. Berlin
15%
15. Ende
5%
20. Fall
4%
4. Prozent
4%
19. Andere/Anderer/Anderes
3%
12. Million
3%
17. Unternehmen
3%
Keine übereinstimmenden Quizze gefunden
Verteilung der Resultate
Anzahl Personen mit jedem Resultat
Perzentil nach korrekt beantworteten Fragen
Ihre Resultats-Entwicklung
Sie haben dieses Quiz seit der letzten Aktualisierung nicht gespielt